Bharatiya sangeet ka samajshastriya sandarbh (Record no. 130427)

MARC details
000 -LEADER
fixed length control field 00381nam a2200145Ia 4500
008 - FIXED-LENGTH DATA ELEMENTS--GENERAL INFORMATION
fixed length control field 230917s9999||||xx |||||||||||||| ||und||
040 ## - CATALOGING SOURCE
-- 111160
Original cataloging agency VIVEKANANDA LIBRARY
041 ## - Language
-- English
082 ## - DDC NUMBER
Classification number 780.954 S64B
100 ## - MAIN ENTRY--PERSONAL NAME
Personal name Singh, Rajendra prasad
245 #0 - TITLE STATEMENT
Title Bharatiya sangeet ka samajshastriya sandarbh
260 ## - PUBLICATION, DISTRIBUTION, ETC. (IMPRINT)
Place of publication, distribution, etc New Delhi
Name of publisher, distributor, etc National Pub.
Date of publication, distribution, etc 2004
300 ## - PHYSICAL DESCRIPTION
Pages 146 p.
942 ## - ADDED ENTRY ELEMENTS (KOHA)
Koha item type Books
Holdings
Withdrawn status Lost status Damaged status Not for loan Location (home branch) Sublocation or collection (holding branch) Date acquired Koha issues (times borrowed) Koha full call number Accession No. Koha date last seen Koha item type
        VIVEKANANDA LIBRARY VIVEKANANDA LIBRARY 11/08/2006   780.954 S64B 228665 17/09/2023 Books
        VIVEKANANDA LIBRARY VIVEKANANDA LIBRARY 11/08/2006   780.954 S64B 228666 17/09/2023 Books
© Designed and Maintained by Vivekananda Library, MDU Rohtak